| 000 | 01058ntm a22004217a 4500 | ||
|---|---|---|---|
| 005 | 20251112184909.0 | ||
| 008 | 180419b2011 xxu||||| |||| 00| 0 spa d | ||
| 020 | _a9786074480771 | ||
| 041 | _aESP | ||
| 082 | _a617.634.2 B495e2 | ||
| 100 | _aBergenholtz, Gunnar | ||
| 100 | _aHørsted-Bindslev, Preben | ||
| 100 | _aReit, Claes | ||
| 245 | _aEndodoncia | ||
| 250 | _a2 edición | ||
| 260 | _aMéxico | ||
| 260 | _bManual Moderno | ||
| 260 | _c2011 | ||
| 300 | _a384 páginas | ||
| 300 | _bIlustraciones a color | ||
| 490 | _aMecánica Dental | ||
| 650 | _aENDODONCIA | ||
| 650 | _aIMPLANTE DENTAL | ||
| 650 | _aEXTRACCIÓN | ||
| 650 | _aPULPA DENTINA | ||
| 650 | _aDOLOR DENTARIO | ||
| 650 | _aFIBRAS NERVIOSAS | ||
| 650 | _aSENSIBILIDAD | ||
| 650 | _aHIPERSENSIBILIDAD | ||
| 650 | _aPULPA NECRÓTICA | ||
| 650 | _aPERIODONTITIS | ||
| 650 | _aINFECCIONES | ||
| 650 | _aCONDUCTO RADICULAR | ||
| 650 | _aTRAUMATISMO | ||
| 650 | _aDIENTE CON RAÍZ OBTURADA | ||
| 650 | _aOBTURACIÓN RADICULAR | ||
| 942 |
_cBK _2ddc |
||
| 999 |
_c10581 _d10581 |
||